Datum a čas kvízu
35
Celkem bodů
Celkový počet nahraných bodů na tomto kvízu bez doplňovacích otázek.
6.
Pořadí na kvízu
Konečné umístění týmu na tomto kvízu.
Zaznamenané odpovědi
| # | Otázka | Odpověď | Body | Výsledky |
|---|---|---|---|---|
| 1. | Poblíž které jihočeské obce by... | Lety | 1 | |
| 2. | Posádka tureckých nízkonáklado... | Britové | 0 | |
| 3. | Pravděpodobnou podobu významné... | sv. Vojtěch (Adalbert) | 0 | |
| 4. | Mobilní síť jednoho českého op... | Vodafone | 1 | |
| 5. | V dohrávce 29. kola fotbalové... | Arsenal, 5:0 | 1 | |
| 6. | Sugo all'amatriciana patří mez... | guanciale; pecorino | 1 | |
| 7. | Napište zakrytou značku zobraz... | Kikkoman | 1 | |
| 8. | Když se řekne omáčka, určitě s... | 15 | 1 | |
| 9. | Město Worcester dalo jméno jed... | C; čertovo lejno | 0.5 | |
| 10. | Jak se označuje tato jednoduch... | velouté | 1 |